[Event "Mittelrhein Verbandsliga-N 18/19"]
[Site "Nordrheinwestfalen"]
[Date "2018.12.16"]
[Round "5.2"]
[White "Schniggenberg, Gerd"]
[Black "Schmitz, Andreas Arnold"]
[Result "1/2-1/2"]
[WhiteElo "1924"]
[BlackElo "2049"]
[PlyCount "176"]
[EventDate "2018.09.02"]
[EventType "team-tourn"]
[EventRounds "12"]
[EventCountry "GER"]
[SourceTitle "EXT 2022"]
[Source "ChessBase"]
[SourceDate "2021.10.06"]
[SourceVersion "1"]
[SourceVersionDate "2021.10.06"]
[SourceQuality "1"]
[WhiteTeam "Godesberg III"]
[BlackTeam "Eikamp ISVFB"]
[WhiteTeamCountry "GER"]
[BlackTeamCountry "GER"]

1. e4 e6 2. d4 d5 3. e5 c5 4. c3 Nc6 5. Nf3 cxd4 6. cxd4 Qb6 7. a3 Bd7 8. b4 f6 9. exf6 gxf6 10. Bb2 Bd6 11. Bd3 Nge7 12. 0-0 Ng6 13. Re1 Kf7 14. Nc3 Rag8 15. Ne2 Nce7 16. Qd2 Qc7 17. Rad1 Rg7 18. Qh6 Rhg8 19. Ng3 Nf4 20. Bc1 Nxd3 21. Rxd3 Qc2 22. Qd2 Qxd2 23. Bxd2 Nf5 24. Kh1 Nxg3+ 25. hxg3 Rg4 26. Rc3 Ke7 27. Kg1 Kd8 28. Be3 a6 29. Rec1 Ke7 30. Kf1 Bb5+ 31. Ke1 Kd7 32. Kd2 Re8 33. Rh1 Re7 34. Rh6 Rg6 35. Rh5 Bc4 36. Ne1 e5 37. Nf3 Rg8 38. Rh6 Rf7 39. Rh5 e4 40. Nh4 Ra8 41. Kc2 b5 42. Nf5 a5 43. bxa5 Rxa5 44. Nxd6 Kxd6 45. Rh6 Ke7 46. Bd2 Ra8 47. Re3 Kf8 48. Bb4+ Kg7 49. Rh2 Rc7 50. Rc3 Bd3+ 51. Kd2 Rxc3 52. Kxc3 f5 53. Kd2 Kg6 54. Ke3 Bf1 55. Kf4 h5 56. Ke5 Bc4 57. Rh1 Re8+ 58. Kf4 e3 59. f3 e2 60. Rc1 Rh8 61. Rh1 Re8 62. Re1 Re6 63. Bc5 Bd3 64. Bb4 Kf7 65. Kg5 Rg6+ 66. Kf4 h4 67. gxh4 Rxg2 68. Ke3 Bc4 69. Rh1 Kg6 70. h5+ Kh7 71. h6 Rg6 72. Kf4 Bd3 73. Ke3 Bc4 74. Kf4 Rg2 75. Ke3 f4+ 76. Kxf4 Rf2 77. Re1 Kxh6 78. Bd2 Kg6 79. Kg3 Rf1 80. Kg2 Kf5 81. Kg3 Bd3 82. Bb4 Ke6 83. Kg2 Kd7 84. Kg3 Ke6 85. Kg2 Kf5 86. Kg3 Kg5 87. Bd2+ Kf5 88. Bb4 Kg5 1/2-1/2

[Event "Mittelrhein Verbandsliga-N 17/18"]
[Site "Nordrheinwestfalen"]
[Date "2018.03.18"]
[Round "9.2"]
[White "Schmitz, Andreas Arnold"]
[Black "Happ, Tobias"]
[Result "1-0"]
[WhiteElo "1998"]
[BlackElo "2001"]
[PlyCount "55"]
[EventDate "2017.09.10"]
[EventType "team-swiss"]
[EventRounds "11"]
[EventCountry "GER"]
[SourceTitle "EXT 2022"]
[Source "ChessBase"]
[SourceDate "2021.10.06"]
[SourceVersion "1"]
[SourceVersionDate "2021.10.06"]
[SourceQuality "1"]
[WhiteTeam "Eikamp Freibauer"]
[BlackTeam "Hitdorf SV Springer"]
[WhiteTeamCountry "GER"]
[BlackTeamCountry "GER"]

1. e4 c5 2. c3 d5 3. exd5 Qxd5 4. d4 Nc6 5. Nf3 Bg4 6. Be2 Nf6 7. dxc5 Qxc5 8. Be3 Qd5 9. Nbd2 e5 10. 0-0 Be7 11. Qa4 0-0 12. h3 Bd7 13. c4 Qd6 14. Qc2 Rac8 15. a3 a5 16. Rfd1 Qc7 17. Nb1 a4 18. Nc3 Na5 19. Nxa4 b5 20. Nb6 Rb8 21. Nxd7 Nxd7 22. Qf5 Rfd8 23. cxb5 Nb3 24. Rab1 g6 25. Qe4 Bf6 26. Qc6 Qb7 27. Rxd7 Qxd7 28. Qxf6 1-0

[Event "SCO-ch 124th"]
[Site "Dundee"]
[Date "2017.07.17"]
[Round "3"]
[White "Doyle, James J"]
[Black "Schmitz, Andreas Arnold"]
[Result "1-0"]
[WhiteElo "1850"]
[BlackElo "2023"]
[PlyCount "135"]
[EventDate "2017.07.15"]
[EventType "swiss"]
[EventRounds "9"]
[EventCountry "SCO"]
[SourceTitle "CBM 179 Extra"]
[Source "ChessBase"]
[SourceDate "2017.08.23"]
[SourceVersion "1"]
[SourceVersionDate "2017.08.23"]
[SourceQuality "1"]

1. e4 e6 2. d3 d5 3. Nd2 Nf6 4. g3 dxe4 5. dxe4 Bc5 6. Qe2 e5 7. Nb3 Bb6 8. Bg5 Be6 9. Nf3 h6 10. Be3 Nbd7 11. Bg2 Bxe3 12. Qxe3 c6 13. h3 Qb6 14. Qxb6 axb6 15. Nfd2 Ke7 16. 0-0 Ra4 17. Rfe1 Rha8 18. a3 g5 19. Nb1 Bxb3 20. cxb3 Rb4 21. Nd2 Rd4 22. Nf3 Rd3 23. b4 Ke6 24. Rad1 Rxd1 25. Rxd1 c5 26. bxc5 bxc5 27. Nd2 Ra4 28. Rc1 b6 29. Rc4 Rxc4 30. Nxc4 Ne8 31. Bf1 Nd6 32. Nxd6 Kxd6 33. Bc4 f6 34. Kf1 Nf8 35. Ke2 h5 36. Bf7 h4 37. gxh4 gxh4 38. Kf3 Ke7 39. Bc4 Ng6 40. Kg4 Kf8 41. Kf5 Kg7 42. Bf1 Kf7 43. Bc4+ Kg7 44. Kg4 Kh6 45. b3 Kg7 46. Kh5 Ne7 47. Kxh4 Nc6 48. Kg4 Nd4 49. a4 Kg6 50. f4 Kh6 51. h4 f5+ 52. exf5 e4 53. f6 e3 54. f7 Kg7 55. Kg3 Nf5+ 56. Kf3 Nxh4+ 57. Kxe3 Kf8 58. Ke4 Ke7 59. f5 Ng2 60. f6+ Kf8 61. Kd5 Ne1 62. Kc6 Nc2 63. Kxb6 Nd4 64. a5 Nf5 65. a6 Nd6 66. Bb5 c4 67. bxc4 Nxb5 68. cxb5 1-0

[Event "SCO-ch 124th"]
[Site "Dundee"]
[Date "2017.07.15"]
[Round "1"]
[White "Carroll, Peter"]
[Black "Schmitz, Andreas Arnold"]
[Result "0-1"]
[WhiteElo "1563"]
[BlackElo "2023"]
[PlyCount "114"]
[EventDate "2017.07.15"]
[EventType "swiss"]
[EventRounds "9"]
[EventCountry "SCO"]
[SourceTitle "CBM 179 Extra"]
[Source "ChessBase"]
[SourceDate "2017.08.23"]
[SourceVersion "1"]
[SourceVersionDate "2017.08.23"]
[SourceQuality "1"]

1. e4 e6 2. d4 d5 3. exd5 exd5 4. Bd3 Nc6 5. c3 Bd6 6. Ne2 Nge7 7. Bf4 Bg4 8. Bg3 Qd7 9. Qc2 0-0-0 10. Nd2 Bxe2 11. Bxe2 h5 12. 0-0-0 h4 13. Bxd6 Qxd6 14. Nf1 Qg6 15. Ne3 Qxc2+ 16. Kxc2 Rde8 17. g3 Nd8 18. Bg4+ Ne6 19. Nf5 Nxf5 20. Bxf5 Kd7 21. Rde1 g6 22. Bxe6+ Rxe6 23. g4 Rhe8 24. Rxe6 Rxe6 25. Kd2 Rb6 26. b3 Ra6 27. a4 b5 28. axb5 Ra2+ 29. Ke3 Rb2 30. Kd3 Rxf2 31. h3 Rf3+ 32. Kc2 Kc8 33. c4 Kb7 34. c5 a6 35. bxa6+ Kxa6 36. Ra1+ Kb5 37. Rh1 Kb4 38. Ra1 Rc3+ 39. Kd2 Rxb3 40. Ra7 Kc4 41. Rxc7 Kxd4 42. c6 Rc3 43. Ke2 f5 44. gxf5 gxf5 45. Rh7 Rxc6 46. Rxh4+ Ke5 47. Kd3 Ra6 48. Rh8 Ra3+ 49. Ke2 d4 50. h4 Kf4 51. Rd8 Kg4 52. Rxd4+ f4 53. Kf2 Ra2+ 54. Kf1 Kg3 55. Rd3+ f3 56. Rd1 Rh2 57. Kg1 f2+ 0-1